Statistics for MCU Quotes

Click here to take the quiz!

General Stats

  • This quiz has been taken 37 times
    (36 since last reset)
  • The average score is 6 of 10

Answer Stats

QuestionAnswer% Correct
“Maybe I even had a jetski.”Loki
81%
“Ohhh you got PEZED!!!”Ant-Man and the Wasp
77%
“I have seen everything that might happen, can happen, WILL happen… and yet, what the hell is this??”What If..?
74%
“So… he’s an idiot…?”Avengers: Endgame
68%
“Holy ****! That guy looks like broccoli!”Ant-Man and the Wasp: Quantumania
61%
“Maybe… but who am I to judge?”Doctor Strange
55%
“Rise, Talokan!”Black Panther: Wakanda Forever
45%
“You can’t undo what’s been done. That will be with you forever.”Agents of S.H.I.E.L.D
39%
“Can you keep your emotions in check long enough to take me on?”Captain Marvel
29%
“Would it be cool if I took a picture with you?”Iron Man
29%

Score Distribution

Percentile by Number Answered

Percent of People with Each Score

Your Score History

You have not taken this quiz since the last reset